000 005070000a22002170004500
082 _a581.1
_bP192p
_cT
530 _aM
100 _aPandey, S. N.
100 _aSinha, B. K.
245 _aPlant physiology
250 _a3rd edn.
260 _aNew Delhi
_bVikas Publishing house, India
260 _c1995
300 _axi, 582p
_billus.
650 _aPlant physiology
650 _aCell
650 _aPlant metabolism
650 _aPlant biochemistry
650 _aPlant nutrition
942 _cGEN
999 _c21790
_d21790